Vicente Blasco Ibáñez / (Record no. 54027)

MARC details
000 -LEADER
campo de control de longitud fija 00769nam a2200241 i 4500
001 - NÚMERO DE CONTROL
campo de control 54027
003 - IDENTIFICADOR DE NÚMERO DE CONTROL
campo de control ES-MaACL
005 - FECHA Y HORA DE LA ÚLTIMA TRANSACCIÓN
campo de control 20230906162858.0
007 - CAMPO FIJO DE DESCRIPCIÓN FÍSICA--INFORMACIÓN GENERAL
campo de control de longitud fija t|
008 - DATOS DE LONGITUD FIJA--INFORMACIÓN GENERAL
campo de control de longitud fija 031121s2002 sp ||||0| spa d
020 ## - NÚMERO INTERNACIONAL ESTÁNDAR DEL LIBRO
Número Internacional Estándar del Libro 84-670-0107-0
080 ## - NÚMERO DE LA CLASIFICACIÓN DECIMAL UNIVERSAL
Número de la Clasificación Decimal Universal 929 Blasco Ibáñez, Vicente
100 1# - ENTRADA PRINCIPAL--NOMBRE DE PERSONA
Nombre de persona Reig, Ramiro.
9 (RLIN) 95996
245 10 - MENCIÓN DEL TÍTULO
Título Vicente Blasco Ibáñez /
Mención de responsabilidad, etc. Ramiro Reig.
260 ## - PUBLICACIÓN, DISTRIBUCIÓN, ETC.
Lugar de publicación, distribución, etc. Madrid :
Nombre del editor, distribuidor, etc. Espasa Calpe,
Fecha de publicación, distribución, etc. [2002]
300 ## - DESCRIPCIÓN FÍSICA
Extensión 274 p., [8] p. de lám ;
Dimensiones 20 cm.
490 1# - MENCIÓN DE SERIE
Mención de serie Espasa biografías. Vidas de escritores
504 ## - NOTA DE BIBLIOGRAFÍA, ETC.
Nota de bibliografía, etc. Bibliografía: p. [261]-266.
600 14 - PUNTO DE ACCESO ADICIONAL DE MATERIA--NOMBRE DE PERSONA
Nombre de persona Blasco Ibáñez, Vicente,
Fechas asociadas al nombre 1867-1928-
Subdivisión general Biografías
9 (RLIN) 29389
830 1# - PUNTO DE ACCESO ADICIONAL DE SERIE-TÍTULO UNIFORME
Título uniforme Espasa biografías. Vidas de escritores
9 (RLIN) 182482
852 ## - LOCALIZACIÓN
Ubicación ES-MaACL
Número de control de estantería L-26671
Holdings
Estatus retirado Estado de pérdida Estado de daño No para préstamo Biblioteca de origen Biblioteca actual Ubicación en estantería Fecha de adquisición Fuente de adquisición Total de préstamos Signatura topográfica completa Código de barras Visto por última vez Precio de reemplazo Tipo de ítem Koha
        Biblioteca del Ateneo de Madrid Biblioteca del Ateneo de Madrid Depósito 2 17/01/2008     L-26671 1056781 23/02/2023 23/02/2023 Libro impreso